Регионална библиотека "Любен Каравелов" - Русе

Изкуството на САЩ (Запис номер 115069)

MARC детайли
000 -Лидер
Контролно поле с фиксирана дължина nam a22 a 4500
003 - Код на организацията, давaща контролен номер
Контролно поле BLK
005 - Дата и час на последна редакция
Контролно поле 20221208132748.0
008 - Елементи от данни с фиксирана дължина
fixed length control field 180409b bul|||||r ||||||| ||bul||
040 ## - Източник на каталожния запис
Идентификатор на билиотеката - собственик на записа BLK
041 ## - Код за език
Код за езика на текст/звукозапис или на отделно заглавие Български
Код за езика КДБФ Български
080 ## - УДК
Текстов определител УДК Изобразителни изкуства и художествени занаяти
УДК код - определител по УДК 73/76
УДК определител (73)(091)
УДК - код + определител 73/76(73)(091)
100 1# - Редна дума - Автор
Автор Стойков, Атанас
Авторска отговорност първи автор
Автор - информация (биография) Атанасов, Атанас Стойков
R(LIN) 369553
139 ## - Редно поле
Редна дума Стойков, Атанас
Авторски знак Стои - С 78
245 10 - Сведения за заглавието
Заглавие Изкуството на САЩ
Подзаглавни данни Моногр.
Редно поле (дума) Атанас Стойков
257 ## - Страна на издаване
Страна на създаване/издаване България
260 ## - Област на издателските данни
Име на издателя, разпространителя и проч. Наука и изкуство
Година на издаване 1980
Място на издаване, разпространение и проч. София
300 ## - Физическа характеристика
Страници 438 с.
Илюстрации и др. с ил.
Размери/Мащаб 24 см
380 ## - Жанр
Жанр Изкуство
650 #4 - Допълнително описание по предмет – тема
Основно описание – тема или топоним Изобразително изкуство - САЩ
9 (RLIN) 313888
651 #4 - Допълнително описание по предмет - топоним
Географско понятие САЩ
9 (RLIN) 179493
653 ## - Ключова дума – ненормативна
Ключова дума изобразително изкуство
700 1# - Други автори (авторска отговорност)
Лично име Атанасов, Атанас Стойков
Автороска отговорност (Описва отношението между автора и произведението) *
9 (RLIN) 376242
852 ## - Местоположение
Форматна сигнатура Цб 106958
Фондова буква Хранилище
856 4# - Електронен адрес и достъп
Електронен формат pdf - файл
Инструкция (цена за достъп) 0.00
Права за достъп disable
856 4# - Електронен адрес и достъп
Електронен формат pdf - файл
Инструкция (цена за достъп) 0.00
Права за достъп disable
999 ## - СИСТЕМНИ КОНТРОЛНИ НОМЕРА
Koha biblionumber 115069
Koha biblioitemnumber 115069
942 ## - АРТИКУЛИ
Вид на библиотечния материал Книги
Скрит в OPAC Не
Периодичен библиозапис Да
944 ## - СЪЗДАВАНЕ И РЕДАКЦИЯ на ЗАПИСА
Създаване/Редакция Създаване
Дата на регистрацията/редакция 22.12.2010
Статус, дата на статуса добави в АБ / 21.12.2010
Служител, извършил регистрацията/редакцията Наталия_Любомирова
944 ## - СЪЗДАВАНЕ И РЕДАКЦИЯ на ЗАПИСА
Създаване/Редакция Редакция
Дата на регистрацията/редакция 2022-12-08
Служител, извършил регистрацията/редакцията ГГГ
Наличности
Код за отписване Код за изгубен артикул Източник на класификационната схема Код за повреда Коз за рестрикции Код за отдаване Артикулен № Име на библиотеката - собственик Име на библиотеката, в която се намира в момента Статус (Текущо местоположение) Дата на вписване в системата Местоположение - отдел Цена в лева Инвентарен номер Систематично азбучна сигнатура Баркод Номер на екземпляра Цена в евро Служебна бележка Служебен тип на артикула
  Не е изгубен Universal Decimal Classification Не е повреден без рестрикции заемане за дома 184687 Регионална библиотека "Любен Каравелов" Русе Регионална библиотека "Любен Каравелов" Русе Отдел Изкуство - подръчен фонд 1980-01-01 Отдел Изкуство - подръчен фонд 7.37 320115 73/76/С 78 120000320115 1 3.77 N: стар фонд Дата: 01.01.1980 Дата инв: 06.06.2012 Бележки инв: * Книги
Изтеглен Не е изгубен Universal Decimal Classification Не е повреден без рестрикции заемане за дома 184688 Регионална библиотека "Любен Каравелов" Русе Регионална библиотека "Любен Каравелов" Русе Отдел Изкуство - подръчен фонд 1980-01-01 Отдел Изкуство - подръчен фонд 7.37 320111 73/76/С 78 120000320111 2 3.77 Дост: Pk Вид: Ф N: сф Дата: 01.01.1980 Дата инв: 12.02.2015 Бележки инв: ИП2015 Книги
Изтеглен Не е изгубен Universal Decimal Classification Не е повреден без рестрикции заемане за дома 184689 Регионална библиотека "Любен Каравелов" Русе Регионална библиотека "Любен Каравелов" Русе Отдел Изкуство - подръчен фонд 1980-01-01 Отдел Изкуство - подръчен фонд 7.37 320112 73/76/С 78 320112 3 3.77 Дост: Pk Вид: Ф N: сф Дата: 01.01.1980 Дата инв: 12.02.2015 Бележки инв: ИП2015 Книги
Изтеглен Не е изгубен Universal Decimal Classification Не е повреден без рестрикции заемане за дома 184690 Регионална библиотека "Любен Каравелов" Русе Регионална библиотека "Любен Каравелов" Русе Отдел Изкуство - подръчен фонд 1980-01-01 Отдел Изкуство - подръчен фонд 7.37 320113 73/76/С 78 320113 4 3.77 Дост: Pk Вид: Ф N: сф Дата: 01.01.1980 Дата инв: 12.02.2015 Бележки инв: ИП2015 Книги
  Не е изгубен Universal Decimal Classification Не е повреден само за читалня ползва се в читалня 184691 Регионална библиотека "Любен Каравелов" Русе Регионална библиотека "Любен Каравелов" Русе Хранилище 1980-01-01 Хранилище 7.37 319190 Цб 106958 120000319190 5 3.77 Дост: Dp Вид: Д N: сф Дата: 01.01.1980 Книги
Vip Innovations Ltd, Rousse, Bulgaria 2025